00535nam a2200157 a 4500008004100000050001300041100002600054245010600080260003800186300002100224350000900245490003400254650003400288650004000322710001500362120416s2004 ||||||||||||||||| || u aIBRD(08) aGropello, Emanuela di10aEducation decentralization and accountability relationships in Latin Americacby Emanuela di Gropello aWashington, DC:bWorld Bankc2004 a[ii], 34p.: ill. a0.00 aPolicy Research Working Paper aDECENTRALIZATION OF EDUCATION 0aEDUCATIONAL TESTS AND MEASUREMENTS  aWorld Bank